Steelers by Number - Statistics

General Stats
  • This quiz has been taken 175 times
  • The average score is 11 of 53
Answer Stats
Hint Answer % Correct
7 Ben Roethlisberger
89%
43 Troy Polamalu
60%
92 James Harrison
54%
17 Mike Wallace
47%
83 Heath Miller
43%
53 Maurkice Pouncey
41%
24 Ike Taylor
40%
99 Brett Keisel
39%
34 Rashard Mendenhall
39%
84 Antonio Brown
34%
88 Emmanuel Sanders
32%
97 Cameron Heyward
31%
98 Casey Hampton
31%
16 Charlie Batch
31%
66 David DeCastro
30%
94 Lawrence Timmons
29%
6 Shaun Suisham
29%
56 LaMarr Woodley
28%
25 Ryan Clark
28%
50 Larry Foote
24%
73 Ramon Foster
23%
4 Byron Leftwich
21%
96 Ziggy Hood
21%
80 Plaxico Burress
17%
33 Isaac Redman
16%
93 Jason Worilds
15%
78 Max Starks
15%
74 Willie Colon
14%
27 Jonathan Dwyer
13%
89 Jerricho Cotchery
11%
23 Keenan Lewis
11%
28 Cortez Allen
10%
9 Drew Butler
10%
76 Mike Adams
8%
29 Ryan Mundy
8%
65 Al Woods
7%
22 Chris Rainey
7%
31 Curtis Brown
7%
64 Doug Legursky
7%
60 Greg Warren
7%
68 Kelvin Beachum
7%
55 Stevenson Sylvester
7%
26 Will Allen
6%
45 Leonard Pope
5%
46 Will Johnson
5%
81 David Paulson
4%
21 Robert Golden
4%
90 Steve McLendon
4%
3 Brian Hoyer
3%
30 DeMarcus Van Dyke
3%
57 Adrian Robinson
2%
91 Brandon Johnson
1%
62 John Malecki
1%
No matching quizzes found
Score Distribution
Percent of People with Each Score
Percentile by Number Answered
Your Score History
You have not taken this quiz